| 000 | 01940cam a22004814i 4500 | ||
|---|---|---|---|
| 003 | PE-LiUPU | ||
| 005 | 20250731172720.0 | ||
| 008 | 150617s r 000 0 d | ||
| 035 | _a(Sirsi) a11059 | ||
| 040 |
_aPE-LiUPU _bspa _cPE-LiUPU _erda |
||
| 049 | _aPRUA | ||
| 082 | 0 | 4 |
_a230 _bB17 _221 |
| 100 | 1 |
_aVon Balthasar, Hans Urs, _d1905-1988. _eautor. |
|
| 245 | 1 | 0 |
_aSponsa Verbi / _cHans Urs Von Balthasar. |
| 264 | 1 |
_aMadrid : _bLos Libros del Monograma, _c1964. |
|
| 300 |
_a609 páginas ; _c22 cm. |
||
| 336 |
_atext _2rdacontent |
||
| 337 |
_aunmediated _2rdamedia |
||
| 338 |
_avolume _2rdacarrier |
||
| 490 | 0 |
_aEnsayos teologicos _vII. |
|
| 490 | 0 |
_aTeología y siglo XX _v6. |
|
| 490 | 0 |
_aBalthasar, Hans Urs von, _d1905-1988. Skizzen zur Theologie. _vII. |
|
| 505 | 0 | _aExperiencia de la iglesia en nuestro tiempo -- Seguimiento y misterio -- ¿Quiéen es la iglesia? -- casta Maretrix -- La raíz de Jesé -- Charis y carisma -- El seglar y la iglesia -- Filosofía, cristianismo, monocato -- Existencia sacerdotal -- Sobre la teología de los institutos seculares -- litugia y respeto -- Ver, oír y leer el ámbito de la iglesia -- Contemplar, creer, comer -- congreso eucarístico 1960. | |
| 526 | _aSEG42 | ||
| 526 | _aSEG41 | ||
| 526 | _aSEG40 | ||
| 526 | _aSEG39 | ||
| 526 | _aP94 | ||
| 526 | _aP87 | ||
| 526 | _aP86 | ||
| 526 | _aP85 | ||
| 526 | _aP77 | ||
| 526 | _aP76 | ||
| 526 | _aP35 | ||
| 650 | 0 | 4 |
_aTeología dogmática. _95003 |
| 910 |
_ajck _bjvq _cjck _d20150616 |
||
| 942 |
_2ddc _cBOOK |
||
| 949 |
_a230 B17 2 _wDEWEY _c1 _i22064 _lCCODEBUL1 _mBUL _p00.00 _r0 _sY _tBOOK _u19831023 _xTEOLOGIA _PP35 _0COMPRA _o.STAFF. Colección General |
||
| 994 |
_aC0 _bPEPRU |
||
| 596 | _a1 | ||
| 999 |
_a230 B17 2 _wDEWEY _c1169 _i22064 _f2021-11-9 _g5 _lCCODEBUL1 _mBUL _r0 _sY _tBOOK _u2015-6-17 _xTEOLOGIA _PP35 _0COMPRA _o.STAFF. Colección General _d1169 |
||
| 980 |
_81 _gALBERTO SANCHEZ Responsable de Automatización |
||